[Event "American Continental 06th"]
[Site "Sao Paulo"]
[Date "2009.07.30"]
[Round "7"]
[White "Silva, Sergio"]
[Black "Chemin, Vitorio"]
[Result "1/2-1/2"]
[WhiteElo "2072"]
[BlackElo "2228"]
[PlyCount "82"]
[EventDate "2009.07.25"]
[EventType "swiss"]
[EventRounds "11"]
[EventCountry "BRA"]
[SourceTitle "EXT 2022"]
[Source "ChessBase"]
[SourceDate "2021.10.06"]
[SourceVersion "1"]
[SourceVersionDate "2021.10.06"]
[SourceQuality "1"]

1. d4 d5 2. Nf3 c5 3. c3 cxd4 4. cxd4 e6 5. Nc3 Nf6 6. Bf4 Be7 7. e3 0-0 8. Bd3 Nc6 9. a3 a6 10. Rc1 Nh5 11. Bg3 g6 12. Be2 Bd7 13. Ne5 Nxg3 14. Nxc6 Bxc6 15. hxg3 Bf6 16. 0-0 Qd7 17. b4 e5 18. dxe5 Bxe5 19. Bf3 Rfd8 20. Qd2 a5 21. Rfd1 axb4 22. axb4 d4 23. Bxc6 bxc6 24. Ne2 d3 25. Nf4 Ra3 26. Rc5 Bd6 27. Rc4 Bxf4 28. gxf4 Qe6 29. Qc1 d2 30. Qc2 Ra6 31. Qc3 Ra3 32. Qc2 Qg4 33. Rd4 Rxd4 34. exd4 Ra2 35. Qb3 Rb2 36. f3 Rxb3 37. fxg4 Rd3 38. Kf2 f5 39. gxf5 gxf5 40. Ke2 Rxd4 41. Rxd2 Rxb4 1/2-1/2

[Event "American Continental 06th"]
[Site "Sao Paulo"]
[Date "2009.07.29"]
[Round "6"]
[White "Silva, Sergio"]
[Black "Ramirez, Carlos"]
[Result "1/2-1/2"]
[WhiteElo "2072"]
[BlackElo "2268"]
[PlyCount "85"]
[EventDate "2009.07.25"]
[EventType "swiss"]
[EventRounds "11"]
[EventCountry "BRA"]
[SourceTitle "EXT 2022"]
[Source "ChessBase"]
[SourceDate "2021.10.06"]
[SourceVersion "1"]
[SourceVersionDate "2021.10.06"]
[SourceQuality "1"]

1. d4 Nf6 2. Bg5 Ne4 3. Bf4 c5 4. f3 Qa5+ 5. c3 Nf6 6. d5 d6 7. e4 g6 8. Na3 Bg7 9. Nc4 Qd8 10. a4 0-0 11. Bd3 Nh5 12. Be3 e6 13. Ne2 exd5 14. exd5 Nf6 15. Bf4 Nxd5 16. Bxd6 Re8 17. Be4 Nf6 18. Bd3 Nd5 19. Be4 Nf6 20. Bd3 Bf8 21. Bxf8 Kxf8 22. Qd2 Kg7 23. 0-0 Be6 24. Rad1 Nc6 25. Nf4 Qc7 26. Nxe6+ Rxe6 27. Qf2 b6 28. Rfe1 Rxe1+ 29. Rxe1 Rd8 30. Bf1 Rd7 31. Ne3 Qd8 32. Bb5 Rc7 33. Bxc6 Rxc6 34. Nc4 Qd5 35. b3 Rc7 36. Qd2 Qxd2 37. Nxd2 Rd7 38. Nc4 Kf8 39. Kf2 Rd3 40. Re3 Rd1 41. Re5 Rd3 42. Re3 Rd1 43. Re1 1/2-1/2

[Event "American Continental 06th"]
[Site "Sao Paulo"]
[Date "2009.07.27"]
[Round "4"]
[White "Silva, Sergio"]
[Black "Nobre, Jose Adalberto Barb"]
[Result "1-0"]
[WhiteElo "2072"]
[BlackElo "1814"]
[PlyCount "41"]
[EventDate "2009.07.25"]
[EventType "swiss"]
[EventRounds "11"]
[EventCountry "BRA"]
[SourceTitle "CBM 132 Extra"]
[Source "ChessBase"]
[SourceDate "2009.11.03"]
[SourceVersion "1"]
[SourceVersionDate "2009.11.03"]
[SourceQuality "1"]

1. Nf3 Nf6 2. d4 d5 3. Bg5 e6 4. e3 c5 5. c3 Nbd7 6. Nbd2 Bd6 7. Bd3 0-0 8. Qe2 cxd4 9. exd4 Qc7 10. 0-0 e5 11. dxe5 Nxe5 12. Nxe5 Bxe5 13. f4 Bxc3 14. bxc3 Re8 15. Qf3 Ng4 16. h3 Qc5+ 17. Kh1 Re3 18. Rae1 f6 19. Rxe3 fxg5 20. fxg5 Bf5 21. hxg4 1-0

[Event "Brasil op CR Verde"]
[Site "Brazil"]
[Date "2009.06.13"]
[Round "6"]
[White "Horta, Marcio Rodrigues"]
[Black "Silva, Sergio"]
[Result "1/2-1/2"]
[WhiteElo "1906"]
[BlackElo "2072"]
[PlyCount "58"]
[EventDate "2009.06.11"]
[EventType "swiss"]
[EventRounds "7"]
[EventCountry "BRA"]
[SourceTitle "EXT 2012"]
[Source "ChessBase"]
[SourceDate "2011.11.24"]
[SourceVersion "1"]
[SourceVersionDate "2011.11.24"]
[SourceQuality "1"]

1. e4 c5 2. Nf3 Nc6 3. c3 d5 4. exd5 Qxd5 5. d4 Bg4 6. Be2 e6 7. Be3 cxd4 8. cxd4 Nf6 9. Nc3 Bb4 10. 0-0 Bxc3 11. bxc3 0-0 12. Qb3 Na5 13. Qxd5 exd5 14. h3 Bh5 15. g4 Bg6 16. Ne5 Rac8 17. Rac1 Rfd8 18. c4 dxc4 19. Nxc4 Nxc4 20. Rxc4 Rxc4 21. Bxc4 Rc8 22. Rc1 Kf8 23. f3 Ke7 24. Kf2 a6 25. a4 Ne8 26. Bb3 Rxc1 27. Bxc1 Nf6 28. Ke3 Kd6 29. Ba3+ Kc6 1/2-1/2

[Event "Brasil op CR Verde"]
[Site "Brazil"]
[Date "2009.06.11"]
[Round "2"]
[White "Caporale, Giuseppe Guido"]
[Black "Silva, Sergio"]
[Result "0-1"]
[WhiteElo "1824"]
[BlackElo "2072"]
[PlyCount "80"]
[EventDate "2009.06.11"]
[EventType "swiss"]
[EventRounds "7"]
[EventCountry "BRA"]
[SourceTitle "EXT 2012"]
[Source "ChessBase"]
[SourceDate "2011.11.24"]
[SourceVersion "1"]
[SourceVersionDate "2011.11.24"]
[SourceQuality "1"]

1. Nf3 d5 2. c4 c6 3. d4 Nf6 4. Nc3 dxc4 5. e4 b5 6. a3 Bb7 7. Be2 e6 8. 0-0 a6 9. Bg5 Be7 10. Qd2 0-0 11. Rfe1 c5 12. d5 exd5 13. Bxf6 Bxf6 14. Nxd5 Bxd5 15. exd5 Qd6 16. Rad1 Nd7 17. Qc2 Ne5 18. b3 cxb3 19. Qxb3 c4 20. Qa2 Rfe8 21. Nd4 Qxd5 22. Nf5 Nd3 23. Ne3 Qd4 24. Bf3 Rab8 25. Re2 Qc5 26. Rc2 Rbd8 27. g3 Nxf2 28. Rxd8 Bxd8 29. Rxf2 Qxe3 30. Kg2 Bb6 31. Rf1 Rd8 32. Qb1 Rd2+ 33. Kh1 Rf2 34. Qd1 Rxf1+ 35. Qxf1 Qxa3 36. Bd5 Qe7 37. Qf5 g6 38. Qc8+ Kg7 39. Qxa6 Qc5 40. Kg2 Qxd5+ 0-1